Dlhodobá nezamestnanosť ako spoločensko-ekonomický problém na Slovensku a v EÚ
Skúmanie vybraných indikátorov v oblasti dlhodobej nezamestnanosti v EÚ a v jednotlivých regiónoch na Slovensku. Vyvodenie relevantných záverov a konštatovanie súčasného vývoja v danej oblasti. Názory odborníkov na skúmanú problematiku. Analýza v čase (ostatná dekáda) a priestore (EÚ, Slovensko, reg...
Na minha lista:
| Autor principal: | |
|---|---|
| Outros Autores: | |
| Formato: | Capítulo de Livro |
| Idioma: | eslovaco |
| Assuntos: | |
| Tags: |
Sem tags, seja o primeiro a adicionar uma tag!
|
MARC
| LEADER | 00000naa a2200000 4500 | ||
|---|---|---|---|
| 001 | 0273153 | ||
| 005 | 20210421084919.1 | ||
| 041 | 0 | |a slo | |
| 044 | |a SK | ||
| 245 | 1 | 0 | |a Dlhodobá nezamestnanosť ako spoločensko-ekonomický problém na Slovensku a v EÚ |c Jaroslav Korečko, Alžbeta Suhányiová |
| 520 | |a Skúmanie vybraných indikátorov v oblasti dlhodobej nezamestnanosti v EÚ a v jednotlivých regiónoch na Slovensku. Vyvodenie relevantných záverov a konštatovanie súčasného vývoja v danej oblasti. Názory odborníkov na skúmanú problematiku. Analýza v čase (ostatná dekáda) a priestore (EÚ, Slovensko, regióny). Vzájomné porovnanie indikátorov v oblasti dlhodobej nezamestnanosti. | ||
| 610 | 2 | 0 | |a nezamestnanosť dlhodobá |
| 610 | 2 | 0 | |a problémy spoločenské |
| 610 | 2 | 0 | |a regióny |
| 610 | 2 | 0 | |a ukazovatele |
| 610 | 2 | 0 | |a porovnanie štatistické |
| 100 | 1 | |a Korečko, Jaroslav | |
| 700 | 1 | |a Suhányiová, Alžbeta | |